00829nam a2200205 i 45000010005000000030009000050050017000140080041000311000037000722450150001092600043002593000022003024900033003246500025003577000037003828300041004198520024004609990015004849520124004993655ES-MaACL20250408063055.0200218s1968 sp |||| | spa d1 aRas, Matilde, d1881-196999547710aLo que sabemos de grafopatología b: (estudio de los escritos patológicos) / cMatilde Ras ; con un prólogo del Dr. José Velasco Escassi. aMadrid : bGregorio del Toro, c[1968] a164 p. ; c21 cm.1 aColección "Lo Que Sabemos" aGrafología.9131521 aVelasco Escassi, José.91696120 aColección "Lo Que Sabemos"9176877 aES-MaACLjP-1335-11 c3655d3655 00104070aATENEOMbATENEOMcDEPO2d2005-05-08eSCl0oP-1335-11p1201553r2023-02-23 00:00:00w2023-02-23yMONOGRAFIA